000
00309nam a2200133Ia 4500
008
230917s9999||||xx |||||||||||||| ||und||
040
_e
94486
_a
MAIN
041
_a
English
082
_a
338.9 S64R
100
_a
Satyawart Singh
245
0
_a
Regional disparities in Haryana
300
_a
318 p.
942
_c
TH
999
_c
87548
_d
87548